Представление документа в формате MARC21

ПолеНазваниеЗначение
  Тип записи a
  Библиографический уровень m
001 Контрольный номер RU\infra-m\znanium\bibl\2093408
005 Дата корректировки 20240827142102.1
008 Кодируемые данные 231013s2023 RU g rus u
020 Индекс ISBN __
a ISBN 978-5-9729-1218-6
040 Источник каталогиз. __
a Служба первич. каталог. Общество с ограниченной ответственностью «ЗНАНИУМ»
041 Код языка издания __
a Код языка текста rus
044 Код страны публикации __
a Код страны публикации RU
080 Индекс УДК __
a Индекс УДК 747
084 Индекс другой классификации/Индекс ББК __
2 Источник индекса rubbk
a Индекс другой классификации/Индекс ББК 8511
084 Индекс другой классификации/Индекс ББК __
2 Источник индекса okso
a Индекс другой классификации/Индекс ББК 54.03.01
100 Автор __
a Автор Михайлова Э.В.
q Полное имя Михайлова Эвелина Валериановна
u Дополнение Чувашский государственный университет им. И.Н. Ульянова
245 Заглавие __
a Заглавие Декоративное оформление поверхностей
b Продолж. заглавия Практическое пособие
c Ответственность Чувашский государственный университет им. И.Н. Ульянова
250 Сведения об издании __
a Основные сведения об издании 2
260 Выходные данные __
a Место издания Вологда
b Издательство Инфра-Инженерия
c Дата издания 2023
300 Физическое описание __
a Объем 88 с.
520 Аннотация __
a Аннотация Представлены техники состаривания и имитации как наиболее востребованные и актуальные в оформлении современного интерьерного пространства. Для студентов очной и очно-заочной форм обучения по направлению подготовки 54.03.01 «Дизайн» профиль «Дизайн среды».
521 Примеч. о цел. назн. __
a Примеч. о целев. назн. ВО - Бакалавриат
650 Тематические рубрики __
a Основная рубрика Архитектура. Искусство
x Основная подрубрика Теория и техника декоративно-прикладного искусства
655 Указ. предметных рубрик (устаревшее) __
a Жанр/ форма (устаревшее) Практическое пособие
700 Другие авторы __
a Другие авторы Андреева О.П.
q Полное имя Андреева Ольга Пименовна
u Дополнение Чувашский государственный университет им. И.Н. Ульянова
856 Электронный адрес документа 4_
a Имя сервера/домена znanium.com
m Помощь ebs_support@infra-m.ru
n Местонахождение сервера НИЦ ИНФРА-М
u URL https://znanium.com/catalog/document?id=433037
856 Электронный адрес документа 48
a Имя сервера/домена znanium.com
d Путь /cover/2093
f Электронное имя 2093408.jpg
q Тип электронного формата image/jpeg
u URL https://znanium.com/cover/2093/2093408.jpg
911 __
u 0030=https://znanium.com/catalog/document?id=433037